[Event "33.Schlosspark-Open"]
[Site "Wiesbaden-Biebrich"]
[Date "2024.08.23"]
[Round "2.85"]
[White "Senger, Raphaela"]
[Black "Stehning, Michel"]
[Result "0-1"]
[WhiteElo "1547"]
[BlackElo "1778"]
[PlyCount "46"]
[EventDate "2024.08.22"]
[WhiteTeam "SF Fortuna Leipzig e."]
[BlackTeam "SF Braunfels"]

1. d4 d5 2. e4 dxe4 3. Nc3 Nf6 4. f3 exf3 5. Nxf3 Bg4 6. h3 Bh5 7. g4 Bg6 8. g5 Ne4 9. Nxe4 Bxe4 10. Bc4 e6 11. Rf1 Nc6 12. g6 Bxg6 13. Qe2 Nxd4 14. Nxd4 Qxd4 15. Be3 Qh4+ 16. Rf2 Bd6 17. O-O-O Bh5 18. Rd4 Bxe2 19. Rxh4 Bg3 20. Rxe2 Bxh4 21. Rd2 h6 22. Rd1 Bg5 23. Kd2 Rd8+ 0-1